000 00742nam a2200277Ia 4500
003 OSt
005 20220918164732.0
006 a|||||r|||| 00| 0
007 ta
008 220917b |||||||| |||| 00| 0 eng d
020 _a074500721X
024 _a36,824
037 _cTextual
040 _aARTS
_cARTS
_beng
041 _2eng
_aeng
082 _aO122,6N15:g, 111N4
100 _aRylance Rick
_914542
245 0 _aRoland Barthes
260 _aNew York
_bHarvaster Wheatsheaf USA
_c1994
300 _axxii,161p.
_ccm.
490 _aModern cultural theorists
500 _aBib 151-58p
650 _aENGLISH LITERATURE
942 _hO122,6N15:g, 111N4
_cTEXL
_2CC
999 _c126269
_d126269